TECHNICAL DRAWING FOR FASHION DESIGN (Record no. 13400)

MARC details
000 -LEADER
fixed length control field 00252nam a22001097a 4500
003 - CONTROL NUMBER IDENTIFIER
control field SGT
082 ## - DEWEY DECIMAL CLASSIFICATION NUMBER
Classification number 740
Item number PLA
100 ## - MAIN ENTRY--PERSONAL NAME
Personal name PLANO DIBEYO
245 ## - TITLE STATEMENT
Title TECHNICAL DRAWING FOR FASHION DESIGN
260 ## - PUBLICATION, DISTRIBUTION, ETC. (IMPRINT)
Name of publisher, distributor, etc THE PEPI PRESS AMSTERDAM
Year of Publication 2012
942 ## - ADDED ENTRY ELEMENTS (KOHA)
Source of classification or shelving scheme Dewey Decimal Classification
Koha item type Books
942 ## - ADDED ENTRY ELEMENTS (KOHA)
-- 3
Holdings
Withdrawn status Lost status Source of classification or shelving scheme Damaged status Not for loan Home library Current library Shelving location Date acquired Vendor Name Cost, normal purchase price SGTU Total Checkouts Full call number Accession No. (Barcode) Date last seen Bill Date Koha item type Date last borrowed
    Dewey Decimal Classification     SGT Science & Social Sciences Library SGT Science & Social Sciences Library Text Book 15/09/2017 SUMSAC INT. DELHI 0.00 SGTU   740 PLA FF346 15/09/2017 15/09/2017 Books  
    Dewey Decimal Classification     SGT Science & Social Sciences Library SGT Science & Social Sciences Library Text Book 15/09/2017 SUMSAC INT. DELHI 0.00 SGTU   740 PLA FF347 15/09/2017 15/09/2017 Books  
    Dewey Decimal Classification     SGT Science & Social Sciences Library SGT Science & Social Sciences Library Text Book 15/09/2017 SUMSAC INT. DELHI 0.00 SGTU 3 740 PLA FF348 11/11/2024 15/09/2017 Books 05/09/2024
    Dewey Decimal Classification     SGT Science & Social Sciences Library SGT Science & Social Sciences Library Text Book 15/09/2017 SUMSAC INT. DELHI 0.00 SGTU   740 PLA FF349 15/09/2017 15/09/2017 Books  
    Dewey Decimal Classification     SGT Science & Social Sciences Library SGT Science & Social Sciences Library Text Book 15/09/2017 SUMSAC INT. DELHI 0.00 SGTU   740 PLA FF350 15/09/2017 15/09/2017 Books